000 00745nam a2200253 4500
003 OSt
005 20260530113902.0
008 260505b2000 |||ad||| |||| 001 0 spa d
040 _aICI
_bspa
_cICI
041 _aSPA
050 4 _aNC997
_b.M37
100 1 _aMartínez Leal, Luisa
_929372
245 1 0 _aUn año de Diseñarte mml Número 2
264 1 _aMéxico.
_bUAM, Unidad Azcapotzalco,
_c2000
300 _a184 páginas
336 _atexto
_2rdacontent
337 _asin medio
_2rdamedia
338 _avolumen
_2rdacarrier
650 0 4 _aDiseño
_xHistoria
_ySiglo XX
_zMéxico
_932382
650 0 4 _aSimetría (Arte)
_932383
650 0 4 _aComposición (Arte)
_932384
700 1 _aMiguel Hirata Kitahara
_eEditor
_932385
942 _2lcc
_cBK
_n1
999 _c11811
_d11811